Women in love / (Record no. 456)

MARC details
000 -LEADER
fixed length control field 00827cam a2200241 4500
001 - CONTROL NUMBER
control field 613
005 - DATE AND TIME OF LATEST TRANSACTION
control field 20181127161733.0
008 - FIXED-LENGTH DATA ELEMENTS--GENERAL INFORMATION
fixed length control field 730410s1937 nyu 000 1 eng
010 ## - LIBRARY OF CONGRESS CONTROL NUMBER
LC control number 37027406
043 ## - GEOGRAPHIC AREA CODE
Geographic area code e-uk-en
100 1# - MAIN ENTRY--PERSONAL NAME
Personal name Lawrence, D. H.
Fuller form of name (David Herbert),
Dates associated with a name 1885-1930.
245 10 - TITLE STATEMENT
Title Women in love /
Statement of responsibility, etc. D. H. Lawrence; with a foreword by the author.
260 ## - PUBLICATION, DISTRIBUTION, ETC.
Place of publication, distribution, etc. New York :
Name of publisher, distributor, etc. Modern Library,
Date of publication, distribution, etc. 1950.
300 ## - PHYSICAL DESCRIPTION
Extent x, 548 p. :
Dimensions 18 cm.
650 #0 - SUBJECT ADDED ENTRY--TOPICAL TERM
Topical term or geographic name entry element Coal mines and mining
General subdivision Fiction.
Topical term or geographic name entry element Male friendship
General subdivision Fiction.
Topical term or geographic name entry element Sisters
General subdivision Fiction.
Topical term or geographic name entry element Women
Geographic subdivision England
General subdivision Fiction.
651 #0 - SUBJECT ADDED ENTRY--GEOGRAPHIC NAME
Geographic name Midlands (England)
General subdivision Fiction.
655 #7 - INDEX TERM--GENRE/FORM
Genre/form data or focus term Love stories.
Source of term gsafd
Genre/form data or focus term Psychological fiction.
Source of term lcsh
856 ## - ELECTRONIC LOCATION AND ACCESS
Host name
Uniform Resource Identifier <a href="http://www2.hn.psu.edu/faculty/jmanis/dh-lawrence/Women-in-Love.pdf">http://www2.hn.psu.edu/faculty/jmanis/dh-lawrence/Women-in-Love.pdf</a>
Link text Women in love
Public note
Materials specified
Holdings
Withdrawn status Lost status Source of classification or shelving scheme Damaged status Not for loan Collection code Home library Current library Shelving location Serial Enumeration / chronology Inventory number Total Checkouts Full call number Barcode Date last seen Price effective from Koha item type
    Dewey Decimal Classification     Main TEST RTC Library RTC Library Main opac 555   823.9 LAW 30002164 27/11/2018 27/11/2018 Main
Royal Thimphu College || All Right Reserved